1260 1800 1776 1674 1557 1229 1733 1141 1863 1807 1522 1185 1947 1305 1382 1598 1646 1623 1061 1457 1715 1343 1647 1549 1468 1832 1512 1923 1078 1363 1485 1102 1359 1551 1023 1038 1696 1186 1867 1852 1091 1325 1700 1062 1476 1238 1388 1091 1067 1168 1652 1829 1589 1690 1751 1792 1224 1445 1363 1703 1934 1800 1283 1068 1535 1441 1444 1535 1285 1489 1767 1877 1396 1916 1829 1599 1560 1084 1291 1193 1390 1012 1905 1867 1772 1225 1636 1529 1423 1792 1063 1014 1791 1466 1252 1908 1294 1477 1467 BCNSPRNW ULIB Ver.6.0+V

เปลี่ยนเป็นภาษาไทย

Change to English
 แสดงรายละเอียดบรรณานุกรม
  กลับหน้าหลัก

Brief Record : Get Marc (ISO 2709) : E-mail record : QR code < ปิดหน้าต่าง
LEADER : 00000nam 2200000uu 4500
001    13399120772
003     ULIB
008    020711sมปป. th a 000 0 tha d
020    9749462211
090    นว.^bร111ร
100    รวมนักขียน
245    รักเท่าที่เห็นและเป็นอยู่/^cรวมนักขียน
260     ^bม.ป.ท.,^cม.ป.ป.
945    ^p0^l0^i24563
999    ^aทศพร เกษรทอง
รายการนี้ยังไม่มีแท็ก
คุณยังไม่ได้ล็อกอิน คุณสามารถมีกิจกรรมร่วมกับเว็บไซต์ได้ แต่ต้องล็อกอินก่อน ::
  ล็อกอิน

รายการสื่อสารสนเทศ

ลำดับที่ ประเภท เลขเรียก/บาร์โค้ด สถานที่ สถานะ
1. นวนิยาย
นวนิยาย
นว. ร111ร  
  Barcode: 24563
ห้องสมุดวิทยาเขตสวรรค์ประชารักษ์
►หนังสือทั่วไป
บนชั้น

BibComment


ยังไม่เคยถูกคอมเมนท์

คอมเมนท์ทรัพยากรรายการนี้
  คอมเมนท์: รักเท่าที่เห็นและ..


 Copyright 2026. Bcnsprnw @Library